| 000 | 01231nam0a22002891 4500 | ||
|---|---|---|---|
| 001 | RU\NLR\INFOCOMM_253\5000010224 | ||
| 005 | 20250613092748.0 | ||
| 035 | _a(NLR Aleph) 009175866 | ||
| 090 |
_a8541465 _c8541465 |
||
| 100 | _a20100307d1964 |||y0rusy50 ca | ||
| 101 | 1 |
_ager _crus |
|
| 102 | _aRU | ||
| 105 | _ay ||||000|y | ||
| 200 | 1 |
_aStepan Rasin _eHistorischer Roman _fA. P. Tschapygin |
|
| 210 |
_aΜ. _cProgress _d1964 |
||
| 215 |
_a662 с. _d20 см |
||
| 300 | _a"Russ. Original titel: Разин Степан" | ||
| 311 | _a"... ein Nachdruck der im Verl. "Kultur und Fortschritt", Berlin, erschienenen Übers. von Dr. Paul Reissert" | ||
| 455 | 0 |
_1102##$aDE _12001#$aStepan Rasin$eHistorischer Roman _1210##$aBerlin$c"Kultur und Fortschritt"$d[1953] _1700#1$9z01790$aČapygin$bA. P.$gAleksej Pavlovič$f1870-1937$4070 _1702#1$aReissert$bP.$gPaul$4730 _1790#1$9z01700$aTschapygin$bA. P.$4070 _tStepan Rasin _aČapygin, Aleksej Pavlovič (1870-1937) |
|
| 686 |
_aЛхрС320 _2rubbk |
||
| 700 | 1 |
_9z02790 _aČapygin _bA. P. _f1870-1937 _gAleksej Pavlovič _4070 |
|
| 790 | 1 |
_9z02700 _aTschapygin _bA. P. _4070 |
|
| 801 | 1 |
_aRU _bNLR _c20100307 |
|
| 801 | 0 |
_aRU _bNLR _gPSBO |
|
| 852 |
_aNLR _jЛ31 Г-3/1418 |
||
| 942 | _cBOOK | ||
| 980 | _aNB | ||